00246nam a2200109Ia 4500008004100000100001400041245001700055260002600072650001400098942000700112999001700119190216s9999||||xx |||||||||||||| ||und|| aKhadar Ua 0aChembavizham bPoorna Pubs Kozhikode aMalayalam cBK c26070d26070